Enriched uranium processing /

Bibliographic Details
Main Author: Patton, Finis S.
Format: Book
Language:English
Published: New York : Macmillan, 1963.
Series:International series of monographs on nuclear energy. Chemical engineering ; v. 2.
Subjects:

MARC

Tag First Indicator Second Indicator Subfields
LEADER 00000cam a2200000 4500
001 in00000304021
005 20151010142858.0
008 760713s1963 nyua b 00010 eng d
010 |a  63010031  
035 |a (OCoLC)02310024 
035 |9 ABH4790AM 
040 |a DLC  |c AKR  |d TXA  |d UtOrBLW 
049 |a TXAM  |c 1 [402158]  |c 2 [406772] 
050 0 0 |a QC771  |b .I5 Div. 9 vol. 2 
100 1 |a Patton, Finis S. 
245 1 0 |a Enriched uranium processing /  |c by Finis S. Patton, John M. Googin and William L. Griffith. 
264 1 |a New York :  |b Macmillan,  |c 1963. 
300 |a viii, 282 pages :  |b illustrations, diagrams 
336 |a text  |b txt  |2 rdacontent 
337 |a unmediated  |b n  |2 rdamedia 
338 |a volume  |b nc  |2 rdacarrier 
490 1 |a International series of monographs on nuclear energy. Divison IX: Checmical engineering,  |v v.2 
500 |a "A Pergamon Press book." 
504 |a Includes bibliographies. 
650 0 |a Uranium. 
830 0 |a International series of monographs on nuclear energy.  |n Division 9,  |p Chemical engineering ;  |v v. 2. 
999 |a MARS 
999 f f |s 0da2f983-d740-30fc-9d29-d4a9106bc046  |i 663ab3cb-fc40-3d3c-8bc1-f1c98e670468  |t 0 
952 f f |p ric  |a Texas A&M University  |b Rellis Campus  |c Joint Library Facility  |s JLF  |d Remote Storage  |t 0  |e QC771 .I5 Div. 9 vol. 2  |h Library of Congress classification  |i unmediated -- volume  |m A14804647314 
998 f f |a QC771 .I5 Div. 9 vol. 2  |t 0  |l Remote Storage